Lokalizácia modelu vozidla v interiéri

Uložené v:
Podrobná bibliografia
Hlavný autor: Supek, Martin (Autor)
Ďalší autori: Ťapák, Peter (Vedúci práce)
Médium: Rukopis Kniha
Jazyk:Slovak
Vydavateľské údaje: 2025
Predmet:
On-line prístup:http://is.stuba.sk/zp/portal_zp.pl?podrobnosti=191515
Tagy: Pridať tag
Žiadne tagy, Buďte prvý, kto otaguje tento záznam!

MARC

LEADER 00000ntm a22000003a 4500
001 stuzp105981
003 SK-STU
005 20250614214046.4
007 ta
008 150427s2015----xo-----f-mn---000-0-slo-d
040 |a STU  |b slo 
041 0 |a slo 
100 1 |a Supek, Martin  |u 030400  |4 aut  |U FEI Fakulta elektrotechniky a informatiky  |T FEI Ústav automobilovej mechatroniky  |X 74246  |U E400  |Y 642  |7 74246 
242 0 1 |a Indoor Vehicle Localization  |y eng 
245 1 0 |a Lokalizácia modelu vozidla v interiéri 
260 |c 2025 
650 4 |a Pozyx UWB system configuration  |2 eng 
650 4 |a indoor positioning system  |2 eng 
650 4 |a robot localization  |2 eng 
650 4 |a konfigurácia UWB systému Pozyx  |2 slo 
650 4 |a vnútorný pozičný systém  |2 slo 
650 4 |a lokalizácia robota  |2 slo 
700 1 |a Ťapák, Peter  |u 030400  |k Z1  |4 ths  |U FEI Fakulta elektrotechniky a informatiky  |T FEI Ústav automobilovej mechatroniky  |X 3715  |U E400  |Y 642  |7 A000003715 
856 4 |u http://is.stuba.sk/zp/portal_zp.pl?podrobnosti=191515